[Event "V Magistral Marcel Duchamp 2019"]
[Site "Montevideo"]
[Date "2019.02.18"]
[Round "2.5"]
[White "Lima, Darcy"]
[Black "Roselli Mailhe, Bernardo"]
[Result "1-0"]
[WhiteElo "2535"]
[BlackElo "2434"]
[Annotator "TA"]
[PlyCount "219"]
[EventDate "2019.02.17"]
[EventType "tourn"]
[EventCountry "URU"]
[SourceTitle "playchess.com"]
[Source "ChessBase"]
[SourceQuality "1"]

{[%evp 22,219,60,43,54,43,36,40,44,44,67,28,37,29,35,1,41,50,41,41,41,47,73,73,69,64,68,23,29,28,37,41,68,0,0,0,28,23,46,54,42,56,90,75,555,552,750,175,177,179,181,178,178,182,347,326,329,325,381,381,585,563,504,490,656,522,658,636,584,577,550,528,589,545,464,398,333,322,1341,1219,29954,29949,4747,602,2307,2288,5056,5069,3522,3341,2895,2386,5583,3025,8517,11858,11507,6629,12751,4962,29961,1817,1068,280,280,280,280,280,280,280,280,280,280,280,280,280,280,280,280,245,280,280,280,280,238,238,238,238,238,0,280,280,280,280,280,280,280,238,280,280,321,1198,280,280,29965,29968,29969,280,280,0,29960,29970,29968,29969,29963,29971,29963,29966,29976,280,280,280,280,0,0,0,0,0,0,0,0,0,0,0,0,0,0,0,0,0,280,283,281,280,281,273,281,281,283,237,283,290,290,290,297,297,29982,29983,29983,29983]} 1. d4 Nf6 2. c4 g6 3. Nc3 Bg7 4. e4 d6 5. Nf3 O-O 6. Be2 e5 7. O-O Na6 8. d5 Nc5 9. Qc2 a5 10. Bg5 h6 11. Be3 Ne8 12. Nd2 f5 {E94: King's Indian: Classical: 6 Be2 e5 7 0-0: Various Black 7th moves} 13. exf5 (13. f3 Bd7 14. b3 Nf6 15. a3 fxe4 16. fxe4 Ng4 17. Bxg4 Bxg4 18. b4 axb4 19. axb4 Rxf1+ 20. Rxf1 {1-0 (39) Vescovi,G (2631)-Perdomo,L (2389) Sao Paolo 2011}) 13... gxf5 14. f4 Qe7 {White is slightly better.} 15. Nf3 $146 ({Predecessor:} 15. Rae1 e4 16. Nb3 b6 17. Nd4 Bd7 18. Kh1 Kh8 19. Bg1 Nf6 20. h3 Nh5 21. Bxh5 {1-0 (21) Dobrev,N (2374)-Cangiotti,C (2220) Dos Hermanas 2003}) 15... Ne4 16. Nxe4 {Black must now prevent Nc3.} (16. fxe5 $5 {[%cal Re5e6]} Nxc3 17. bxc3 (17. Qxc3 dxe5 18. Nd2 f4 $11) 17... dxe5 18. c5 $14) 16... fxe4 17. Nd2 Bf5 18. Nxe4 {With the idea Bd3.} exf4 19. Rxf4 {Threatens to win with Bg4.} Be5 20. Rxf5 $1 Rxf5 21. Bg4 Ng7 22. Bxf5 Nxf5 23. Bf2 Qg7 24. Rf1 Rf8 25. Qd2 Bxb2 26. Qxa5 Nd4 27. Kh1 ({White should try} 27. Ng3 $14) 27... Qg4 $11 28. Ng3 {And now Qd2 would win.} Ne2 29. Qe1 Re8 30. Qb1 Bg7 31. Nf5 Nc3 32. Qd3 $1 Re2 $2 {[%mdl 8192]} (32... Qe2 $16 {is more resistant.} 33. Qxe2 Nxe2) 33. Nxg7 $18 Ne4 {[#]} 34. h3 $2 (34. Nf5 $1 Nxf2+ (34... Qxf5 35. Qxe2) 35. Rxf2 $1 {[%mdl 512]} Re1+ 36. Rf1 Rxf1+ 37. Qxf1) 34... Nxf2+ 35. Rxf2 Re1+ 36. Kh2 Qxg7 {[%mdl 4096] Endgame KQR-KQR} 37. Rf3 Qe5+ $2 (37... Kh8 38. Qf5 Re8) 38. Rg3+ Kf8 39. Qh7 {[%mdl 64] Double Attack} h5 40. Qxc7 Re4 (40... Qf4 {keeps fighting.} 41. Qc8+ (41. Qxb7 Re5 $18) 41... Re8 42. Qxb7 Re5) 41. Qb8+ Ke7 42. Qxb7+ Kd8 43. Qg7 Qxg7 44. Rxg7 Rxc4 {KR-KR} 45. Rg5 h4 46. Rg4 Rc5 47. Rxh4 Rxd5 48. Rh7 Ra5 49. Kg3 Rxa2 $2 (49... Ke8 50. h4 d5) 50. h4 Ra4 51. h5 Ke8 52. Rg7 (52. Rc7 $142 Kf8 53. Kf3) 52... Kf8 53. Rg4 Ra3+ 54. Kh4 Kf7 55. Rg6 d5 56. Rd6 Rd3 57. g4 Ke7 58. Ra6 d4 59. h6 {h7 would kill now.} Rd1 60. Kg5 d3 61. h7 (61. Ra3 $142 d2 62. Rd3 Rc1 63. h7 Rh1 64. Kg6 d1=Q 65. Rxd1 Rxd1 66. h8=Q) 61... Rh1 {[#]} 62. Rh6 $2 (62. Ra1 $3 {[%mdl 512]} Rxa1 63. h8=Q Ra5+ 64. Kf4) 62... Rxh6 63. Kxh6 {KPP-KP} d2 64. h8=Q {Intending Qd4 and mate.} d1=Q {KQ-KQ} 65. Qg7+ Ke6 66. Qf8 Qh1+ 67. Kg6 Ke5 {intending ...Qc6+.} 68. Qf6+ Kd5 69. g5 Kc4 70. Kg7 Kb3 71. g6 Kc2 72. Qf5+ Kc1 73. Qc5+ Kb1 74. Kf6 Qh4+ 75. Kg7 $2 ({Better is} 75. Kf7 $18 Qf4+ 76. Kg8) 75... Qd8 $2 {[%mdl 8192]} (75... Qh1 $1 $11 {and Black is okay.} 76. Kf6 Qh4+ 77. Qg5 Qd4+ 78. Qe5 Qh4+ 79. Ke6 Qc4+ 80. Kf5 Qc8+ 81. Kg5 Qd8+ 82. Qf6 Qd2+ 83. Qf4 Qd8+ 84. Kg4 Qd1+ 85. Qf3 Qg1+ 86. Kf5 Qc5+ 87. Ke6 Qb6+ 88. Kf5 Qc5+ 89. Ke6 Qc8+ 90. Ke5 Qb8+ 91. Kf5 Qc8+ 92. Kf4 Qc1+ 93. Qe3 Qc7+ 94. Qe5 Qc1+ 95. Kf5 Qc8+ 96. Kf4 Qc1+ 97. Kg4 Qg1+ 98. Kf5 Qf2+ 99. Ke6 Qb6+ 100. Kf5 Qf2+ 101. Qf4 Qc5+ 102. Qe5 Qc8+) 76. Qb4+ Kc1 77. Qf4+ Kb1 78. Qe4+ Kc1 79. Kh7 Qc7+ 80. g7 Qh2+ 81. Kg6 Qg3+ 82. Kf6 {Hoping for Qc4+.} Qc3+ $2 (82... Qd6+ $18 83. Kg5 Qg3+ 84. Qg4 Qe5+ 85. Kh6 Qh2+ 86. Kg6 Qd6+ 87. Kh5 Qh2+ 88. Kg6 Qd6+ 89. Kg5 Qd5+ 90. Qf5 Qg2+ 91. Qg4 Qd5+ 92. Kh4 Qh1+ 93. Qh3 Qe4+ 94. Kg5 Qe5+ 95. Kg6 Qe8+ 96. Kh6 Qc6+ 97. Kg5 Qd5+ 98. Qf5 Qd8+ 99. Kh6 Qd6+ 100. Kh5 Qh2+ 101. Kg5 Qg2+ 102. Qg4 Qd5+) 83. Qe5 $1 Qc6+ 84. Qe6 $2 (84. Kf5 Qc2+ 85. Qe4 Qc5+ 86. Qe5 Qc2+ 87. Kg4 Qg2+ 88. Qg3 Qe2+ 89. Kf5 Qc2+ 90. Kg5 Qc5+ 91. Kg4 Qc8+ 92. Kh4) 84... Qc3+ 85. Qe5 $2 (85. Kg6 $18 Qc2+ 86. Qf5 Qc6+ 87. Kg5 Qg2+ 88. Kh6 Qh1+ 89. Kg5 Qg2+ 90. Kh6 Qh1+ 91. Kg6 Qc6+ 92. Kg5 Qg2+) 85... Qc6+ $1 86. Kf5 Qc2+ 87. Kg4 Qg2+ 88. Qg3 Qe2+ 89. Kf5 Qc2+ 90. Kf6 $2 (90. Kg5 {mates} Qc5+ 91. Kg4 Qc8+ 92. Kg5 Qc5+ 93. Kg4 Qc8+ 94. Kh4 Qc4+ 95. Qg4) 90... Qc6+ 91. Kg5 $1 Qd5+ 92. Kg6 $2 ({White should play} 92. Kh4 $18 {White wants to mate with Qg5+.} Qc4+ 93. Qg4) 92... Qe4+ $1 $11 93. Kh6 Qh1+ 94. Kg6 Qe4+ $1 95. Kf6 Qc6+ 96. Ke7 Qb7+ 97. Ke6 Qc8+ 98. Kf7 Qc4+ 99. Kf6 Qc6+ $1 100. Kg5 $2 {[%mdl 8192]} (100. Kf5 $11 Qd7+ 101. Kg6 Qe8+ 102. Kh6 Qc6+ 103. Kg5 Qd5+ 104. Kg6 Qe6+ 105. Kh5 Qf7+ 106. Kh4 Qc4+ 107. Kh5 Qe2+ 108. Kh6 Qe6+ 109. Kh5 Qe2+ 110. Kh4 Qe4+ 111. Kg5 Qe7+ 112. Kh6 Qe6+ 113. Kg5 Qe7+ 114. Kh5 Qe8+ 115. Kh4 Qe4+ 116. Kg5 Qd5+) 100... Qd5+ $18 101. Kh4 $1 Qh1+ 102. Qh3 $1 {[%cal Rh3h1]} Qe4+ 103. Qg4 Qh1+ {[#]} 104. Kg5 $1 ({Weaker is} 104. Kg3 Qg1+ 105. Kh4 Qh1+ 106. Qh3 Qe4+ 107. Kg5 Qe5+ 108. Kg6 Qe4+ 109. Qf5 Qc6+ 110. Kg5 Qg2+ 111. Kf6 Qc6+ 112. Qe6 Qc3+ 113. Qe5 $18) 104... Qd5+ 105. Kh6 Qc6+ {[#]} 106. Qg6 $1 {[%cal Rg6c6]} ({Less strong is} 106. Kh7 Qc2+ 107. Qg6 Qc7 $18) 106... Qh1+ 107. Qh5 Qc6+ 108. Kh7 Qe4+ $2 (108... Qc2+ $18 109. Qg6 Qc7) 109. Qg6 Qb7 110. Qg1+ {Accuracy: White = 68%, Black = 50%.} 1-0

[Event "V Magistral Marcel Duchamp 2019"]
[Site "Montevideo"]
[Date "2019.02.19"]
[Round "3.1"]
[White "Roselli Mailhe, Bernardo"]
[Black "Tristan, Leonardo"]
[Result "0-1"]
[WhiteElo "2434"]
[BlackElo "2493"]
[Annotator "TA"]
[PlyCount "132"]
[EventDate "2019.02.17"]
[EventType "tourn"]
[EventCountry "URU"]
[SourceTitle "playchess.com"]
[Source "ChessBase"]
[SourceQuality "1"]

{[%evp 11,132,14,15,2,2,-2,4,-16,0,0,0,0,0,-62,-72,-79,-68,-75,-73,-60,-75,-106,-86,-111,-106,-112,-93,-223,-218,-220,-172,-183,-150,-217,-200,-210,-209,-217,-219,-200,-213,-207,-206,-206,-214,-219,-203,-226,-228,-225,-208,-227,-214,-263,-277,-255,-266,-253,-134,-140,-109,-129,-127,-219,-220,-219,-217,-212,-214,-239,-265,-267,-267,-265,-260,-288,-306,-298,-281,-250,-230,-234,-239,-245,-214,-576,-566,-625,-629,-639,-639,-1941,-2484,-2345,-2425,-2501,-2435,-1545,-1860,-2533,-2124,-2567,-2356,-2571,-524,-4570,-2684,-29977,-29976,-29976,-29976,-29976,-29977,-29977,-29978,-29978,-29979,-29979,-29980,-29980,-29981,-29980,-29981]} 1. d4 Nf6 2. c4 e6 3. Nf3 d5 4. Nc3 Bb4 5. Qa4+ Nc6 6. e3 O-O 7. a3 {D38: Queen's Gambit Declined: Ragozin Defence (4 Nf3 Bb4)} (7. Qc2 Re8 8. Bd2 Bd6 9. h3 a6 10. a3 Bd7 11. Be2 dxc4 12. Bxc4 h6 13. g4 e5 14. g5 b5 {1-0 (36) Radjabov,T (2757)-Vidit,S (2695) Wijk aan Zee 2019}) 7... Bxc3+ 8. bxc3 Re8 9. Be2 {The position is equal.} e5 {[%cal Be6e5,Be5e4][%mdl 32]} 10. O-O $146 ({Predecessor:} 10. cxd5 Nxd5 11. Bb2 e4 12. Ne5 Nxe5 13. dxe5 Rxe5 {½-½ (80) Fischer,A (2022)-Meyner,H (2251) Hofheim 2013}) 10... Bg4 11. h3 Bh5 $36 {[%mdl 2048] Black is pushing.} 12. Qc2 (12. Bd1 $11) 12... e4 $15 13. Ne1 Bxe2 14. Qxe2 Na5 15. cxd5 Qxd5 16. Rb1 a6 17. a4 Qc6 18. Bd2 Qxa4 19. Rb4 (19. c4 $17) 19... Qa2 $19 {Hoping for ...c5!} 20. Qd1 Nd5 21. Ra4 Qb3 22. Qc2 {[#]} (22. Nd3 $17 Qxd1 23. Rxd1) 22... Qxc2 $1 23. Nxc2 Nb3 24. Be1 a5 {[%cal Ba6a5,Ba5a4][%mdl 32]} 25. c4 Nb6 26. Ra3 a4 27. c5 Nc4 28. Ra2 b6 29. cxb6 cxb6 30. Bb4 Red8 31. Rd1 b5 32. f3 f5 33. fxe4 fxe4 34. d5 Ra7 (34... Ne5 $19 35. Be7 Rd7) 35. d6 $17 Rad7 36. Rd5 Nxd6 37. Bxd6 (37. Na3 $17 {keeps fighting.}) 37... Rxd6 $19 38. Rxb5 Rd1+ 39. Kh2 Nd2 40. h4 Nf1+ 41. Kh3 R1d2 42. Ra1 {[#]} Rf8 $1 43. Nd4 {Ne6 is the strong threat.} Rd3 44. Nc2 Rc3 45. Rb2 Nxe3 46. Nxe3 Rxe3+ {[%mdl 4096] Endgame KRR-KRR} 47. Kh2 a3 48. Rba2 $2 (48. Rb4 {nothing else works.}) 48... Ra8 49. Rb1 Rd3 50. Kg1 e3 51. Rba1 Rd2 52. Kf1 Rxa2 53. Rxa2 {KR-KR} Kf7 54. Ke2 Ke6 55. Kxe3 Kf5 56. Kf3 h5 57. g3 Ra4 (57... Ra6 $142 58. Kf2 Ke4) 58. Kf2 Ke4 59. Re2+ Kd4 {Black mates.} 60. Kf3 Ra6 61. Re4+ Kd5 62. Re1 a2 63. Ra1 Kc4 64. Kf4 Kb3 65. Kg5 Ra5+ 66. Kg6 Kb2 {Precision: White = 44%, Black = 75%.} 0-1

[Event "V Magistral Marcel Duchamp 2019"]
[Site "Montevideo"]
[Date "2019.02.19"]
[Round "3.3"]
[White "Larrea, Manuel"]
[Black "Hungaski, Robert"]
[Result "0-1"]
[WhiteElo "2269"]
[BlackElo "2520"]
[Annotator "TA"]
[PlyCount "82"]
[EventDate "2019.02.17"]
[EventType "tourn"]
[EventCountry "URU"]
[SourceTitle "playchess.com"]
[Source "ChessBase"]
[SourceQuality "1"]

{[%evp 11,82,28,29,33,38,27,41,29,45,16,29,9,19,18,29,17,68,69,64,69,66,67,86,25,41,0,0,-24,-25,-89,-77,-83,-92,-102,-90,-80,0,-18,66,-4,104,104,69,12,63,63,333,313,465,456,443,464,600,581,574,579,789,787,666,151,122,122,112,162,156,125,131,-161,-157,-1912,-1828,-29996,-29997]} 1. e4 e5 2. Nf3 d6 3. d4 exd4 4. Nxd4 Nf6 5. Nc3 Be7 6. g3 O-O 7. Bg2 {C41: Philidor Defence} Re8 8. O-O Bf8 9. Bf4 {White is slightly better.} Nbd7 10. Qd2 Ne5 11. Rad1 c6 12. h3 Ng6 $146 ({Predecessor:} 12... b5 13. b3 b4 14. Na4 c5 {1-0 (48) Vachier Lagrave,M (2731)-Rapport,R (2671) Biel 2015}) 13. Be3 h6 (13... Bd7 $11) 14. f4 $14 Qc7 15. Qf2 Bd7 16. g4 Nh7 17. Qg3 (17. Nf3 $16) 17... b5 $1 $11 {[%cal Bb7b5,Bb5b4][%mdl 32]} 18. h4 b4 19. Nb1 Nf6 20. f5 (20. h5 $11 Nh8 21. g5 hxg5 22. fxg5 Nxh5 23. Qh4) 20... Nxe4 $17 21. Bxe4 Rxe4 22. Nd2 Rxe3 $1 23. Qxe3 Ne5 (23... Nxh4 $17 24. Qg3 Qd8) 24. g5 c5 (24... h5 $11) 25. Ne2 ({White should play} 25. N4f3 $1 $14) 25... hxg5 (25... Re8 $11 {remains equal.}) 26. hxg5 $16 Re8 27. Qg3 (27. Qf4 $14) 27... Qc8 (27... Qb7 $11) 28. Qf4 $1 $14 Bb5 $2 {[%mdl 8192] [#]} ({Black should try} 28... c4 $14) 29. Rf2 $1 $18 d5 (29... Be7 $142 30. Rh2 Bxg5 31. Qxg5 Bxe2) 30. Ng3 c4 {Strongly threatening ...Bc5.} 31. Rh2 Qc5+ 32. Kh1 {Threatening mate with Qh4.} f6 {If only Black now had time for ...fxg5....} 33. g6 Bd6 34. Qh4 {[%csl Gh2][%cal Rh4h8]} Kf8 35. Nde4 $2 (35. Nh5 $18 {and White stays clearly on top.} Bc6 {[#]} 36. Nxg7 $1 {[%mdl 512]} d4+ 37. Kg1 Nxg6 38. Qxf6+ {[%mdl 64] Double Attack} (38. fxg6 Bxh2+ 39. Kf1 Re5 $11) 38... Kg8 39. Qxg6 (39. fxg6 $2 Bxh2+ 40. Kxh2 Rf8 $19) 39... Bxh2+ 40. Kf1 (40. Kxh2 Qe5+ 41. Kh3 Qe3+ 42. Kh4 Qf4+ 43. Kh5 Bf3+ 44. Nxf3 Qxf3+ 45. Kh6 Qf4+ 46. Qg5 Qxg5+ 47. Kxg5 Kxg7 $18)) 35... dxe4 $16 36. Qh8+ Ke7 37. Qxg7+ Kd8 {Hoping for ...Ng4.} 38. Qxf6+ Kc7 {And now ...e3 would win.} 39. Rh7+ $2 {[%mdl 8192]} ({But not} 39. Nxe4 $2 Bc6 $19) (39. Rxd6 $16 {and life is bright.} Qxd6 40. Qxd6+ Kxd6 41. Nxe4+ Kc6 42. g7) 39... Nd7 40. Nh5 $2 (40. Qf7 $17 Qe5 41. Rxd6 (41. Rd5 $2 Qxg3 42. Qxe8 Bc6 $19) 41... Qxd6 42. Kh2 (42. Qxe8 Qxg3 43. g7 Bc6 $19)) 40... e3 $19 41. Ng7 Bc6+ {Accuracy: White = 36%, Black = 32%.} 0-1

[Event "V Magistral Marcel Duchamp 2019"]
[Site "Montevideo"]
[Date "2019.02.19"]
[Round "3.4"]
[White "Lujan, Carolina"]
[Black "Lopez Azambuja, Nicolas"]
[Result "1/2-1/2"]
[WhiteElo "2357"]
[BlackElo "2320"]
[Annotator "TA"]
[PlyCount "55"]
[EventDate "2019.02.17"]
[EventType "tourn"]
[EventCountry "URU"]
[SourceTitle "playchess.com"]
[Source "ChessBase"]
[SourceQuality "1"]

{[%evp 18,55,18,18,18,19,19,14,19,18,13,16,23,16,4,5,29,29,29,5,0,0,13,7,31,0,0,0,0,0,0,0,0,0,16,-10,-20,-48,-34,-66]} 1. e4 e5 2. Nf3 Nc6 3. Bb5 Nf6 4. O-O Nxe4 5. Re1 Nd6 6. Nxe5 Nxe5 7. Rxe5+ Be7 8. Bf1 O-O 9. d4 Bf6 10. Re1 Re8 {C67: Ruy Lopez: Berlin Defence: 4 0-0 Nxe4} 11. c3 Rxe1 12. Qxe1 Nf5 {The position is equal.} 13. Bf4 c6 14. Nd2 d5 15. Bd3 g6 {[#]} 16. h3 $146 ({Predecessor:} 16. Qe2 Ng7 17. Re1 Bf5 18. Bxf5 Nxf5 {½-½ (31) Swiercz,D (2636)-Melkumyan,H (2668) Saint Louis 2018}) 16... Nd6 17. Qe3 Bf5 18. Re1 Bxd3 19. Qxd3 Qf8 20. g4 Qd8 21. b3 Bg5 22. Qe3 Bxf4 23. Qxf4 Kg7 24. Kg2 Qf6 25. Qg3 b5 26. h4 h5 27. f3 a5 28. g5 {Accuracy: White = 58%, Black = 68%.} 1/2-1/2

[Event "V Magistral Marcel Duchamp 2019"]
[Site "Montevideo"]
[Date "2019.02.19"]
[Round "3.5"]
[White "Gemy, Jose Daniel"]
[Black "Carbone, Diego"]
[Result "1/2-1/2"]
[WhiteElo "2391"]
[BlackElo "2256"]
[Annotator "TA"]
[PlyCount "62"]
[EventDate "2019.02.17"]
[EventType "tourn"]
[EventCountry "URU"]
[SourceTitle "playchess.com"]
[Source "ChessBase"]
[SourceQuality "1"]

{[%evp 14,62,0,-14,0,0,0,0,0,0,6,8,6,6,2,4,8,8,5,4,6,0,6,0,0,0,0,0,0,0,0,-3,0,-8,0,-5,-6,-5,-5,-8,0,0,0,0,0,-14,-14,-14,-14,-40,0]} 1. e4 e5 2. Nf3 Nc6 3. d4 exd4 4. Bc4 Nf6 5. O-O Nxe4 6. Re1 d5 7. Bxd5 Qxd5 {[#]} 8. Nc3 $1 {[%cal Rc3d5][%mdl 576] Pin} Qd7 {C56: Two Knights: 4 d4 exd4 5 0-0 Nxe4} (8... dxc3 9. Qxd5) (8... Qh5 9. Nxe4 Be6 10. Bg5 Bd6 11. Nxd6+ cxd6 12. Bf4 Qd5 13. c3 O-O 14. Nxd4 Nxd4 15. Qxd4 Qxd4 16. cxd4 d5 17. Rac1 Rfc8 18. Rxc8+ Rxc8 19. Rc1 Rxc1+ 20. Bxc1 f6 21. Bf4 a6 22. a3 Bd7 23. Bd2 Bc6 24. Bc3 Bd7 25. Bd2 Bc6 26. Bc3 Bd7 27. Bd2 {½-½ (27) Wei,Y (2743)-Wen,Y (2605) Shenzhen 2017}) 9. Nxe4 Be7 $1 10. Bg5 O-O {The position is equal.} 11. Bxe7 Nxe7 12. Qxd4 Qxd4 13. Nxd4 Nf5 14. Rad1 Nxd4 15. Rxd4 Bf5 16. Ng3 Rfe8 $146 ({Predecessor:} 16... Be6 17. h3 Rfd8 18. Rdd1 {½-½ (41) Baumeister,W (1881)-Mainik,P (1716) Ditzingen 2010}) 17. Rxe8+ Rxe8 $11 {[%mdl 4096] Endgame KRB-KRN} 18. f4 Bxc2 19. Rc4 $1 {[%cal Rc4c2]} Bb1 20. Rxc7 Bxa2 21. Rxb7 Ra8 22. Nf5 g6 23. Nd6 a5 24. b3 a4 25. bxa4 Rxa4 26. g3 Be6 27. Rb8+ Kg7 28. Ne8+ Kh6 29. h4 Ra1+ 30. Kf2 Ra2+ 31. Kg1 Ra1+ {Accuracy: White = 51%, Black = 70%.} (31... Bh3 $5 {[%cal Ra2g2]} 32. Rb3 Rg2+ 33. Kh1 Re2 $17) 1/2-1/2

[Event "V Magistral Marcel Duchamp 2019"]
[Site "Montevideo"]
[Date "2019.02.19"]
[Round "4.1"]
[White "Tristan, Leonardo"]
[Black "Carbone, Diego"]
[Result "1/2-1/2"]
[WhiteElo "2493"]
[BlackElo "2256"]
[Annotator "TA"]
[PlyCount "131"]
[EventDate "2019.02.17"]
[EventType "tourn"]
[EventCountry "URU"]
[SourceTitle "playchess.com"]
[Source "ChessBase"]
[SourceQuality "1"]

{[%evp 9,131,-15,4,0,5,0,5,5,9,5,4,0,0,0,0,8,2,0,4,0,89,76,85,83,114,118,145,133,213,122,118,106,125,125,120,54,66,62,100,96,89,49,45,45,40,31,38,35,62,62,58,58,73,68,80,80,88,80,80,80,88,88,120,120,182,123,166,157,182,93,93,88,92,93,92,88,88,88,92,48,48,48,48,8,157,157,157,157,157,8,8,8,8,8,8,8,8,8,8,8,8,8,8,8,8,8,8,8,8,8,8,8,8,0,8,0,8,8,8,0,0,0,8,0]} 1. d4 Nf6 2. Bf4 g6 3. Nc3 d5 4. Nb5 (4. e3 Bg7 5. h4 c6 6. Be2 h5 7. Nf3 Bg4 8. Ne5 Bxe2 9. Qxe2 Nbd7 10. O-O-O Rc8 11. f3 {0-1 (60) Nabaty,T (2692)-Rodshtein,M (2674) Czech Republic 2019}) 4... Na6 5. e3 Bg7 6. Nf3 {A45: Trompowsky Attack} c6 7. Nc3 Qb6 8. Rb1 Bg4 9. Be2 Nd7 $146 ({Predecessor:} 9... O-O 10. O-O Bxf3 11. Bxf3 c5 12. dxc5 Nxc5 13. b4 {½-½ (34) Bukal,V (2387)-Bratovic,B (2348) Zadar 2017}) 10. O-O Bxf3 11. Bxf3 e5 12. dxe5 Nxe5 13. Be2 O-O 14. b4 $36 {[%cal Bb2b4,Bb4c5][%mdl 2080] White is pushing.} Nc4 (14... Qd8 $11) 15. Na4 $16 Qb5 16. c3 Rfd8 17. Qb3 {Strongly threatening Rfd1.} c5 18. bxc5 Qxb3 (18... Qc6 $16) 19. Rxb3 ({Better is} 19. axb3 $18 Ne5 20. Bxa6 bxa6 21. Rfd1) 19... Rac8 20. Bg5 Re8 21. Rxb7 Nxc5 22. Rxa7 (22. Nxc5 $16 Rxc5 23. Rxa7) 22... Ne4 23. Bf4 Ra8 24. Rxa8 Rxa8 25. Bxc4 dxc4 26. Nb6 Rxa2 27. Nxc4 Nxc3 28. Be5 h5 29. Bxc3 Bxc3 $14 {[%mdl 4096] Endgame KRB-KRN} 30. g3 Kg7 31. Kg2 Ra4 32. Nb6 Ra1 33. Rxa1 Bxa1 $16 {KB-KN} 34. Nd5 Be5 35. f4 Bd6 36. e4 Bc5 (36... f6 $16 {was called for.} 37. h3 Kf7) 37. Kf3 (37. e5 $18) 37... Bd4 38. e5 Bc5 {[#]} 39. h3 ({White should try} 39. Nc3 $1 $18) 39... Bd4 40. Nc7 Bb6 41. Ne8+ Kf8 42. Nd6 Bd4 43. Nb5 Bb6 44. f5 gxf5 45. Kf4 Bf2 $1 46. h4 Kg7 (46... f6 $11) 47. Nd6 Kg6 48. Nxf5 Bc5 49. g4 ({White must play} 49. Ke4 $16) 49... Ba3 $11 {The position is equal.} 50. Ng3 Bc1+ 51. Kf3 hxg4+ 52. Kxg4 {And now h5+ would win.} Bb2 53. h5+ Kh6 54. Nf5+ Kh7 55. Kf4 Bc1+ 56. Ke4 Bb2 57. Ng3 {[#] aiming for Kf5.} Kh6 58. Kf4 Bc1+ 59. Kf5 {Black must now prevent Kf6.} Bb2 60. Kf6 Bc3 61. Kf5 Bb2 62. Ke4 {Threatens to win with Kf5.} Bc1 63. Ne2 Bb2 64. Ng3 {Kf5 is the strong threat.} Bc1 65. Ne2 Bb2 66. Ng3 {Accuracy: White = 59%, Black = 69%.} 1/2-1/2

[Event "V Magistral Marcel Duchamp 2019"]
[Site "Montevideo"]
[Date "2019.02.19"]
[Round "4.2"]
[White "Lopez Azambuja, Nicolas"]
[Black "Gemy, Jose Daniel"]
[Result "1/2-1/2"]
[WhiteElo "2320"]
[BlackElo "2391"]
[Annotator "TA"]
[PlyCount "120"]
[EventDate "2019.02.17"]
[EventType "tourn"]
[EventCountry "URU"]
[SourceTitle "playchess.com"]
[Source "ChessBase"]
[SourceQuality "1"]

{[%evp 19,120,8,20,0,0,2,4,0,0,-20,9,-16,1,0,1,0,0,-12,0,-8,-10,-13,0,14,0,0,0,0,0,0,-5,-42,0,-8,3,0,23,26,23,24,28,25,30,0,5,0,9,7,10,-5,-4,-2,15,14,12,0,0,0,0,0,0,0,0,0,0,0,0,0,0,0,0,0,0,0,0,0,8,0,0,0,-4,-32,-39,-1058,0,0,0,0,0,0,0,0,0,0,0,0,0,0,0,0,0,-29989,5693]} 1. d4 Nf6 2. c4 e6 3. Nf3 b6 4. g3 Ba6 5. Qa4 Be7 6. Bg2 O-O 7. Nc3 Bb7 8. O-O Ne4 9. Nxe4 Bxe4 10. Rd1 d6 11. Qb3 {E17: Queen's Indian: 4 g3 Bb7 5 Bg2 Be7} Nd7 {[%cal Bb8d7,Bd7c5,Bc5e4][%mdl 32]} 12. Qe3 $146 ({Predecessor:} 12. Bh3 Kh8 13. Qe3 d5 14. b3 c6 15. Bb2 b5 16. Nd2 Bg6 17. Bg2 Rb8 18. c5 a5 {0-1 (49) Richter,C (2442)-Ackermann,H (2339) Germany 2007}) 12... d5 13. Bd2 {The position is equal.} c5 14. cxd5 Bxd5 15. Bc3 Qc7 16. dxc5 Nxc5 17. Rac1 {Threatens to win with b4.} Qb7 18. Ne1 Ne4 19. Be5 {Hoping for Bxe4.} Rac8 20. b3 Bc5 (20... Bg5 {is interesting.} 21. f4 Be7 22. Nd3 f5 23. Bd4 Rfd8) 21. Bd4 Ba3 22. Rxc8 Rxc8 23. Bf3 f6 24. Ba1 Bc5 25. Bd4 Bf8 26. Bb2 Bc6 27. Rc1 {Strongly threatening Bxe4.} f5 28. Nd3 Bd5 29. Bd4 Rxc1+ 30. Qxc1 Qc6 31. Qxc6 (31. Qb2 {looks sharper.} Qd7 32. Nf4 Bb7 33. Bxe4 Bxe4 34. f3) 31... Bxc6 32. Be5 a6 33. Bd4 b5 34. Bxe4 Bxe4 $11 {[%mdl 4096] Endgame KBB-KBN} 35. Nc5 e5 36. Nxe4 exd4 {KB-KN} 37. Nd2 Kf7 38. Nf3 Bc5 39. Kf1 Ke6 40. Ke1 Bb4+ 41. Kd1 Kd5 42. Kc2 Be7 43. Kd3 Bf6 44. Ne1 g5 45. Nc2 a5 46. f4 g4 47. a3 h5 48. b4 a4 49. Ne1 h4 50. Nc2 h3 51. e3 $2 {[%mdl 8192] [#]} (51. Ne1 $15) 51... dxe3 $2 (51... Bh4 $1 $19 {[%mdl 512] ...Bxg3! is the strong threat.} 52. Nxd4 {[#]} (52. gxh4 g3) 52... Bxg3 $1 {[%mdl 512]} 53. Nxf5 Bxh2 54. e4+ Ke6 55. Nd4+ Kf7) 52. Nxe3+ Ke6 {aiming for ...Bb2.} 53. Nc2 Kd5 {Threatening ...Bb2.} 54. Ne3+ Ke6 {White must now prevent ...Bb2.} 55. Nc2 Kd5 {Black wants to play ...Bb2.} 56. Ne3+ Ke6 57. Nc2 Kd5 {With the idea ...Bb2.} (57... Bb2 $5 58. Nd4+ $8 Bxd4 59. Kxd4 Kd6 $11) 58. Ne3+ Ke6 {And now ...Bb2 would win.} 59. Nc2 Kd5 {White should prevent ...Bb2.} (59... Bb2 $5) 60. Nd4 $2 {[%mdl 8192]} (60. Ne3+ $11 Ke6) 60... Bh4 $4 {[%mdl 40960] Accuracy: White = 51%, Black = 63%. . An unexpected result.} (60... Bxd4 {and life is good for Black.} 61. Kd2 Bg1 62. Ke2 Bxh2 63. Kf2 Ke4 64. Kf1 Bxg3 65. Kg1 Kxf4 66. Kh1 Kf3 67. Kg1 Bf4 68. Kh1 g3 69. Kg1 h2+ 70. Kh1 g2#) 1/2-1/2